<?xml version="1.0" encoding="UTF-8"?>
<record
    xmlns:xsi="http://www.w3.org/2001/XMLSchema-instance"
    xsi:schemaLocation="http://www.loc.gov/MARC21/slim http://www.loc.gov/standards/marcxml/schema/MARC21slim.xsd"
    xmlns="http://www.loc.gov/MARC21/slim">

  <leader>03048nam a2200337 a 4500</leader>
  <controlfield tag="003">OSt</controlfield>
  <controlfield tag="005">20250806114018.0</controlfield>
  <controlfield tag="007">cr ||||||a|a|a</controlfield>
  <controlfield tag="008">250703s2025    mx a|||fom||| 001 0 spa d</controlfield>
  <datafield tag="040" ind1=" " ind2=" ">
    <subfield code="e">rda</subfield>
  </datafield>
  <datafield tag="100" ind1="1" ind2=" ">
    <subfield code="a">Mart&#xED;nez Armenta, Jahzeel Naas&#xF3;n</subfield>
    <subfield code="9">190529</subfield>
  </datafield>
  <datafield tag="245" ind1="1" ind2="0">
    <subfield code="a">An&#xE1;lisis de la composici&#xF3;n qu&#xED;mica de la secreci&#xF3;n de la gl&#xE1;ndula uropigial del c&#xF3;ndor de california (Gymnogyps californianos /</subfield>
    <subfield code="c">por Jahzcel Nass&#xF3;n Mar&#xED;nez ; director de tesis Mar&#xED;a Guadalupe Bravo Vinaja; secretario Jorge Luis Castrell&#xF3;n Montelongo; vocal Marian Jesabel Per&#xE9;z Rodr&#xED;guez; suplente Beatriz Cecilia Aguilar Valdez; suplente Jos&#xE9; Rico Cerda.</subfield>
  </datafield>
  <datafield tag="264" ind1=" " ind2="1">
    <subfield code="a">Chapingo, M&#xE9;xico :</subfield>
    <subfield code="b">El autor,</subfield>
    <subfield code="c">2024.</subfield>
  </datafield>
  <datafield tag="300" ind1=" " ind2=" ">
    <subfield code="a">1 recurso en l&#xED;nea (84 p&#xE1;ginas):</subfield>
    <subfield code="b">cuadros, figuras.</subfield>
  </datafield>
  <datafield tag="336" ind1=" " ind2=" ">
    <subfield code="2">rdacontent</subfield>
    <subfield code="a">texto</subfield>
    <subfield code="b">txt</subfield>
  </datafield>
  <datafield tag="337" ind1=" " ind2=" ">
    <subfield code="2">rdamedia</subfield>
    <subfield code="a">computadora</subfield>
    <subfield code="b">c</subfield>
  </datafield>
  <datafield tag="338" ind1=" " ind2=" ">
    <subfield code="2">rdacarrier</subfield>
    <subfield code="a">recurso en l&#xED;nea</subfield>
    <subfield code="b">cr</subfield>
  </datafield>
  <datafield tag="502" ind1=" " ind2=" ">
    <subfield code="b">IAEZ</subfield>
    <subfield code="c">Zootecn&#xED;a</subfield>
    <subfield code="d">2024.</subfield>
    <subfield code="g">LIC</subfield>
  </datafield>
  <datafield tag="504" ind1=" " ind2=" ">
    <subfield code="a">Incluye referencias bibliogr&#xE1;ficas: p&#xE1;ginas 55-60.</subfield>
  </datafield>
  <datafield tag="520" ind1=" " ind2=" ">
    <subfield code="a">La presente investigaci&#xF3;n tuvo como objetivo determinar la composici&#xF3;n qu&#xED;mica de la secreci&#xF3;n de la gl&#xE1;ndula uropigial del c&#xF3;ndor de California (Gymnogyps californianus), ave end&#xE9;mica de Norteam&#xE9;rica que se encuentra en Peligro de Extinci&#xF3;n. Se colectaron 21 muestras de exudado de la gl&#xE1;ndula uropigial en agosto del 2022 en el Parque Nacional Sierra de San Pedro M&#xE1;rtir en Baja California, M&#xE9;xico, de las cuales 15 fueron de machos y 6 de hembras; la mayor parte de los individuos muestreados eran adultos. Por medio de cromatograf&#xED;a de masas-gases con est&#xE1;ndar FAMES de 37 compuestos, se obtuvo la proporci&#xF3;n de los compuestos que integran la secreci&#xF3;n de la gl&#xE1;ndula uropigial del c&#xF3;ndor de California. Se analiz&#xF3; la diversidad alfa de los compuestos con el programa R. Se detectaron diferencias significativas y altamente significativas entre sexos en los &#xE1;cidos: este&#xE1;rico, heneicosanoico, behenico, araquidico, laurico, gama linol&#xE9;nico, palm&#xED;tico y tridecanoico. El &#xCD;ndice de Shannon (H&#xB4;) P = 4.1e-06, &#xCD;ndice de Simpson S P = 7.07e-07), y Diversidad Beta (ANOSIM P = 0.003), Los resultados sugieren que algunos &#xE1;cidos grasos de la gl&#xE1;ndula uropigial est&#xE1;n adaptados para satisfacer las necesidades fisiol&#xF3;gicas y ecol&#xF3;gicas espec&#xED;ficas de cada sexo, y potencialmente, de la etapa fisiol&#xF3;gica en la que se encuentran.</subfield>
  </datafield>
  <datafield tag="650" ind1=" " ind2="4">
    <subfield code="a">Gymnogyps californianus</subfield>
    <subfield code="x">Fisiolog&#xED;a</subfield>
    <subfield code="9">190861</subfield>
  </datafield>
  <datafield tag="650" ind1=" " ind2="4">
    <subfield code="a">Gl&#xE1;ndula uropigial</subfield>
    <subfield code="x">Fisiolog&#xED;a</subfield>
    <subfield code="9">190863</subfield>
  </datafield>
  <datafield tag="650" ind1=" " ind2="4">
    <subfield code="a">Gymnogyps californianus</subfield>
    <subfield code="x">Conservaci&#xF3;n</subfield>
    <subfield code="9">190862</subfield>
  </datafield>
  <datafield tag="700" ind1="1" ind2=" ">
    <subfield code="a">Bravo Vinaja, Mar&#xED;a Guadalupe.</subfield>
    <subfield code="9">15164</subfield>
  </datafield>
  <datafield tag="700" ind1="1" ind2=" ">
    <subfield code="a">Castrell&#xF3;n Montelongo, Jorge Luis</subfield>
    <subfield code="9">20309</subfield>
    <subfield code="e">secretario.</subfield>
  </datafield>
  <datafield tag="700" ind1="1" ind2=" ">
    <subfield code="a">P&#xE9;rez Rodr&#xED;guez, Marian Jesabel</subfield>
    <subfield code="9">190751</subfield>
    <subfield code="e">vocal.</subfield>
  </datafield>
  <datafield tag="700" ind1="1" ind2=" ">
    <subfield code="a">Aguilar Valdez, Beatriz Cecilia</subfield>
    <subfield code="9">190689</subfield>
    <subfield code="e">suplente.</subfield>
  </datafield>
  <datafield tag="700" ind1="1" ind2=" ">
    <subfield code="a">Rico Cerda, Jos&#xE9;</subfield>
    <subfield code="e">suplente.</subfield>
    <subfield code="9">97321</subfield>
  </datafield>
  <datafield tag="856" ind1=" " ind2=" ">
    <subfield code="u">http://10.13.5.2/tesis/tl/1811495-7_MARTINEZ_ARMENTA_JAHZEELNAASON.pdf</subfield>
    <subfield code="z">DESCARGAR PDF</subfield>
  </datafield>
  <datafield tag="942" ind1=" " ind2=" ">
    <subfield code="2">Clasificaci&#xF3;n Universidad Aut&#xF3;noma Chapingo</subfield>
    <subfield code="c">TD</subfield>
  </datafield>
  <datafield tag="999" ind1=" " ind2=" ">
    <subfield code="c">220730</subfield>
    <subfield code="d">220730</subfield>
  </datafield>
  <datafield tag="952" ind1=" " ind2=" ">
    <subfield code="0">0</subfield>
    <subfield code="1">0</subfield>
    <subfield code="2">local</subfield>
    <subfield code="4">0</subfield>
    <subfield code="5">1</subfield>
    <subfield code="7">0</subfield>
    <subfield code="8">TesDigL</subfield>
    <subfield code="a">BD</subfield>
    <subfield code="b">BD</subfield>
    <subfield code="c">E_L</subfield>
    <subfield code="d">2025-07-03</subfield>
    <subfield code="l">0</subfield>
    <subfield code="o">Tesis digital</subfield>
    <subfield code="r">2025-07-03 13:34:39</subfield>
    <subfield code="w">2025-07-03</subfield>
    <subfield code="y">TD</subfield>
  </datafield>
</record>
